The Stupidly Impossible Quiz that Everyone Will Hate - Statistics

General Stats
  • This quiz has been taken 695 times
  • The average score is 2 of 11
Answer Stats
Hint Answer % Correct
Are you having fun yet? No
75%
How old am i? 14
26%
What is my name? Ameer Skyscraper Bennett
19%
How old will i be in 7 years, 5 hours, and 17 minutes? I dont know
14%
What is your name? Johnny Boy
12%
How many hours are in a year? 8760
6%
What about a leap year? 8784
4%
What is pi? 3.1415926535897932384626433832795
2%
How many languages are there in the world? 7d4
2%
How Tall Am I? 6'1 and 6/19ths
1%
What school do i go to? George Henry Moody Middle School
1%
No matching quizzes found
Score Distribution
Percent of People with Each Score
Percentile by Number Answered
Your Score History
You have not taken this quiz